Grey's Anatomy Trivia - Statistics

General Stats
  • This quiz has been taken 1,385 times
  • The average score is 10 of 16
Answer Stats
Hint Answer % Correct
What was Derek's nickname? McDreamy
91%
How do Mark and Lexie die? Plane Crash
90%
What was Mark's nickname? McSteamy
89%
Who cut Denny Duquette's LVAD wire? Izzie Stevens
86%
Which 2 characters were a part of the dead dads club? Meredith grey, George O'Malley
81%
Which intern repeats their internship? George O'Malley
80%
Who gets custody over Sofia Sloan-Robbins-Torres Arizona Robbins
79%
Which resident fails their medical boards? April Kepner
65%
What does Izzie do with the money she inherits from Denny? Opens up at free clinic
60%
What food does Izzie bake when she's stressed? Muffins
59%
What is the full name of the hospital in season 1? Seattle Grace Hospital
58%
Who performs a C-section on April Kepner with no anesthesia? Ben Warren
45%
What nickname did Sadie and Meredith have for each other? Death and Die
29%
What is the name of the first patient Meredith Grey treats on her first day as an intern? Katie Bryce
27%
What is the name of Jo's abusive ex husband? Paul Stadler
18%
What is the name of Amelia's fiancé who dies of an overdose? Ryan Kerrigan
5%
No matching quizzes found
Score Distribution
Percent of People with Each Score
Percentile by Number Answered
Your Score History
You have not taken this quiz